Statistics for Beamng Official Vehicles

Click here to take the quiz!

General Stats

  • This quiz has been taken 82 times
    (71 since last reset)
  • The average score is 18 of 28

Answer Stats

construction yearAnswer% Correct
1977-1986Gavril T-series
100%
1985-1993ETK I-series
98%
1985-1994Gavril D-series
98%
1995-2001Gavril H-series
92%
2015-2018ETK K-series
90%
1996-2000Ibishu Pessima
78%
1988-1991Ibishu Pessima
78%
1987-1991Ibishu Covet
73%
2020-nowCherrier FCV
69%
1981-1988Civetta Bolide
67%
1992-2004Gavril Roamer
67%
1982-1989Ibishu Pigeon
65%
2013-2017ETK 800-series
63%
1953-1954Burnside Special
61%
1980-1989Ibishu Wigeon
61%
1957-1973Autobello Piccolina
59%
2009-2014Hirochi Sunburst
57%
1984-1988Bruckell LeGran
55%
1973-1978Bruckell Moonhawk
55%
1969-1971Gavril Barstow
55%
1989-2001Ibishu Hopper
53%
1962-1963Gavril Bluebuck
51%
1990-1994Ibishu 200BX
51%
1963-1968Ibishu Miramar
49%
2013-nowHirochi SBR4
47%
1990-1997Gavril Grand Marshal
45%
1987-1995Soliad Wendover
41%
1987-1996Wentward DT40L
37%

Score Distribution

Percentile by Number Answered

Percent of People with Each Score

Your Score History

You have not taken this quiz since the last reset